| 000 | 00392nam a2200133Ia 4500 | ||
|---|---|---|---|
| 008 | 220217s9999||||xx |||||||||||||| ||und|| | ||
| 020 | _a81-265-0066-2 | ||
| 082 | _a004.638 4 RIC | ||
| 100 |
_aRich, Jason R _91250 |
||
| 245 | 0 | _aUnofficial Guide to starting an E-Commerce business | |
| 260 |
_aIDG books India (p) Ltd. _bNew Delhi _c2000 |
||
| 300 | _b169 | ||
| 650 | _aCOMPUTER NETWORK | ||
| 999 |
_c166139 _d166139 |
||